Statistiques concernant Devine le jeu vidéo

Cliquez ici pour prendre le quiz!

Statistiques générales

  • Ce quiz a été pris 327 fois
  • Le résultat moyen est 12 sur 20

Statistiques - réponses

Réponse% Correct
Fortnite
97%
Among Us
96%
Mario Kart
86%
The Legend of Zelda
84%
Minecraft
83%
Rocket League
80%
Brawl Stars
74%
Roblox
73%
Fall Guys
69%
Clash of Clans
68%
Fifa 24
66%
Clash Royale
64%
Pokemon
50%
Animal Crossing
48%
Pou
46%
FNAF
45%
Mario Wonder
35%
Mario Strikers
33%
FNAF:Security Breach
3%
Mini Football
1%

Distribution des résultats

Percentile par nombre de réponses

% des personnes avec chaque résultat

Votre développement - résultats

Vous n’avez pas pris ce quiz